[Event "Niedersachsen-ch op A"]
[Site "Verden"]
[Date "2019.01.05"]
[Round "5"]
[White "Mildner, Ramon"]
[Black "Herting, Malte"]
[Result "1/2-1/2"]
[WhiteElo "1954"]
[BlackElo "1746"]
[PlyCount "146"]
[EventDate "2019.01.03"]
[EventType "swiss"]
[EventRounds "7"]
[EventCountry "GER"]
[SourceTitle "EXT 2022"]
[Source "ChessBase"]
[SourceDate "2021.10.06"]
[SourceVersion "1"]
[SourceVersionDate "2021.10.06"]
[SourceQuality "1"]

1. e4 c5 2. Nc3 Nc6 3. Bb5 g6 4. Nf3 Bg7 5. Bxc6 dxc6 6. 0-0 Nf6 7. Qe2 0-0 8. Rd1 Nh5 9. d3 e5 10. Be3 b6 11. h3 Qc7 12. a4 a5 13. Nh2 Nf4 14. Bxf4 exf4 15. Re1 Re8 16. Qf3 f5 17. Rab1 h6 18. exf5 Bxf5 19. Ne4 Re6 20. b3 Rae8 21. Re2 Bxe4 22. Rxe4 Rxe4 23. dxe4 Qe5 24. Re1 Qc3 25. Qxc3 Bxc3 26. Re2 b5 27. Nf1 Rd8 28. g3 g5 29. gxf4 gxf4 30. Kg2 bxa4 31. bxa4 Rd4 32. Kf3 Rxa4 33. Kxf4 Ra1 34. Ng3 Re1 35. Ke3 Bd4+ 36. Kd3 Rxe2 37. Nxe2 Bxf2 38. Kc4 Kf7 39. Kb3 Be3 40. Ka4 Ke6 41. Kxa5 Ke5 42. Kb6 Kxe4 43. Ng3+ Kf4 44. Nh5+ Kf3 45. Kxc6 Kg2 46. h4 Kh3 47. Ng7 c4 48. Kd5 c3 49. Kc4 Bd2 50. Nf5 h5 51. Kd5 Kg4 52. Ke4 Be1 53. Ne3+ Kh3 54. Kf3 Bxh4 55. Nd5 Be1 56. Nf4+ Kh2 57. Nxh5 Bh4 58. Nf4 Bf6 59. Ke4 Bh8 60. Kd3 Kg3 61. Ne2+ Kg4 62. Nxc3 Kf5 63. Kc4 Ke6 64. Nb5 Be5 65. Kc5 Kd7 66. Kb6 Kc8 67. c4 Bh2 68. Kc6 Bg1 69. Kd5 Kb7 70. Nd6+ Kc7 71. Ne4 Kb6 72. Nc3 Bf2 73. Nd1 Bg1 1/2-1/2

[Event "Niedersachsen-ch op A"]
[Site "Verden"]
[Date "2019.01.03"]
[Round "2"]
[White "Herting, Malte"]
[Black "Hesse, Juergen"]
[Result "1/2-1/2"]
[WhiteElo "1746"]
[BlackElo "1888"]
[PlyCount "75"]
[EventDate "2019.01.03"]
[EventType "swiss"]
[EventRounds "7"]
[EventCountry "GER"]
[SourceTitle "EXT 2022"]
[Source "ChessBase"]
[SourceDate "2021.10.06"]
[SourceVersion "1"]
[SourceVersionDate "2021.10.06"]
[SourceQuality "1"]

1. e4 e5 2. Nf3 Nc6 3. Bc4 Nf6 4. d3 Be7 5. 0-0 d6 6. c3 0-0 7. Bg5 Na5 8. Nbd2 c6 9. a4 Nxc4 10. Nxc4 Be6 11. Ne3 Ne8 12. Bxe7 Qxe7 13. d4 Qc7 14. Qc2 h6 15. Rad1 Nf6 16. c4 Rad8 17. c5 dxc5 18. dxe5 Nd7 19. Qc3 b5 20. axb5 cxb5 21. Nd5 Qb7 22. h3 Nb6 23. Nf4 Qxe4 24. Nxe6 fxe6 25. Qxc5 Nd5 26. Rde1 Qg6 27. Kh2 Nf4 28. Rg1 Rd5 29. Qxa7 Rf7 30. Qe3 Rd3 31. Qe4 Qh5 32. Re3 Rxe3 33. fxe3 Nxh3 34. gxh3 Qxf3 35. Qd3 Qc6 36. Rg2 Rd7 37. Qg6 Qd5 38. Qe8+ 1/2-1/2

[Event "Niedersachsen-ch op B"]
[Site "Verden"]
[Date "2018.01.05"]
[Round "4"]
[White "Brunner, Alexander1111"]
[Black "Herting, Malte"]
[Result "0-1"]
[WhiteElo "1482"]
[BlackElo "1673"]
[PlyCount "62"]
[EventDate "2018.01.04"]
[EventType "swiss"]
[EventRounds "7"]
[EventCountry "GER"]
[SourceTitle "EXT 2022"]
[Source "ChessBase"]
[SourceDate "2021.10.06"]
[SourceVersion "1"]
[SourceVersionDate "2021.10.06"]
[SourceQuality "1"]

1. d4 Nf6 2. e3 b6 3. Bc4 e6 4. Nf3 Bb7 5. Nc3 Bb4 6. 0-0 0-0 7. Bd2 c5 8. a3 Bxc3 9. Bxc3 Ne4 10. Qd3 Nxc3 11. Qxc3 cxd4 12. exd4 Qc7 13. Nd2 d5 14. Bb3 Qxc3 15. bxc3 Rc8 16. c4 Ba6 17. cxd5 Bxf1 18. dxe6 Bb5 19. exf7+ Kf8 20. Nf3 Bc4 21. Ng5 Bxb3 22. cxb3 h6 23. Ne4 Nc6 24. d5 Ne5 25. d6 Nxf7 26. a4 Rd8 27. Rd1 Rac8 28. g4 Rc6 29. g5 Nxg5 30. Nxg5 hxg5 31. Rd5 Rcxd6 0-1

[Event "Niedersachsen-ch op-C"]
[Site "Verden"]
[Date "2017.01.07"]
[Round "6"]
[White "Pahl, Erik"]
[Black "Herting, Malte"]
[Result "1-0"]
[WhiteElo "1741"]
[BlackElo "1470"]
[PlyCount "105"]
[EventDate "2017.01.05"]
[EventType "swiss"]
[EventRounds "7"]
[EventCountry "GER"]
[SourceTitle "CBM 187 Extra"]
[Source "ChessBase"]
[SourceDate "2018.11.04"]
[SourceVersion "1"]
[SourceVersionDate "2018.11.04"]
[SourceQuality "1"]

1. e4 c5 2. Nf3 e6 3. d4 cxd4 4. Nxd4 Nc6 5. Nc3 Bb4 6. Ndb5 a6 7. Nd6+ Bxd6 8. Qxd6 Qe7 9. Qd1 d5 10. exd5 exd5+ 11. Be2 d4 12. Nd5 Qd8 13. Bf3 Be6 14. Nf4 Qa5+ 15. Bd2 Qe5+ 16. Qe2 Qxe2+ 17. Bxe2 0-0-0 18. 0-0-0 Nf6 19. Nd3 Ne4 20. Bf4 h6 21. Kb1 g5 22. Bc1 Bc4 23. Rhf1 f5 24. f3 Nf6 25. b3 Bf7 26. f4 Nd5 27. Bd2 g4 28. Ne5 Nxe5 29. fxe5 Be6 30. Kb2 h5 31. Bc4 b5 32. Bxd5 Rxd5 33. Bg5 Rh7 34. Bf6 Rhd7 35. Rd3 Rc7 36. Rfd1 Rcd7 37. Kc1 b4 38. R1d2 Kc7 39. Kd1 Kc6 40. Ke2 Kc5 41. Kf2 h4 42. h3 f4 43. Ke1 Bf5 44. hxg4 Bxd3 45. cxd3 Rf7 46. Rf2 Kc6 47. Rxf4 Kd7 48. g5 Ke8 49. Rxh4 Rxf6 50. gxf6 Rxe5+ 51. Re4 Rxe4+ 52. dxe4 Kf7 53. e5 1-0

[Event "Niedersachsen-ch op-C"]
[Site "Verden"]
[Date "2016.01.04"]
[Round "4"]
[White "Herting, Malte"]
[Black "Luecke, Kristina"]
[Result "1-0"]
[WhiteElo "1236"]
[BlackElo "1185"]
[PlyCount "85"]
[EventDate "2016.01.03"]
[EventType "swiss"]
[EventRounds "7"]
[EventCountry "GER"]
[SourceTitle "EXT 2018"]
[Source "ChessBase"]
[SourceDate "2017.10.13"]
[SourceVersion "1"]
[SourceVersionDate "2017.10.13"]
[SourceQuality "1"]

1. d4 Nf6 2. c4 e6 3. Nf3 d5 4. Bg5 Be7 5. e3 c5 6. cxd5 exd5 7. Nc3 Qa5 8. Qb3 a6 9. Bxf6 c4 10. Qa4+ Qxa4 11. Nxa4 Bxf6 12. Nb6 Bg4 13. Nxa8 Bd8 14. Be2 Ba5+ 15. Nd2 Bxe2 16. Kxe2 Kd7 17. Nf3 Nc6 18. a3 Rxa8 19. Nd2 Re8 20. Nf3 b5 21. Rhb1 Bb6 22. Kf1 f6 23. b4 g5 24. a4 Kc7 25. axb5 axb5 26. Ne1 Kb7 27. Nc2 h5 28. Rb2 Na7 29. Ke2 f5 30. Re1 Nc8 31. Kd2 Nd6 32. f3 h4 33. Rbb1 g4 34. Rf1 g3 35. hxg3 hxg3 36. Rh1 Rg8 37. Rh7+ Kc8 38. Ra1 Bc7 39. Ra7 Bb8 40. Rag7 Re8 41. Kc1 f4 42. exf4 Nf5 43. Rf7 1-0